| 000 | 01055nam a2200265Ia 4500 | ||
|---|---|---|---|
| 003 | OSt | ||
| 005 | 20221005111859.0 | ||
| 006 | a|||||r|||| 00| 0 | ||
| 007 | ta | ||
| 008 | 221004b |||||||| |||| 00| 0 hin d | ||
| 024 | _a31775 | ||
| 037 | _cTextual | ||
| 040 |
_aCRL _cCRL _bhin |
||
| 041 |
_2hin _ahin |
||
| 082 | _aQ122:24, 152L7 | ||
| 100 |
_aझा, कीर्त्यानन्द व्याख्याकार _9624253 |
||
| 245 | 0 |
_aकठोपनिषद् _b शांकरभाष्यसहिता |
|
| 246 | _aKaṭhopaniṣhad: shāankarabhāṣhyasahitā | ||
| 260 |
_aवाराणसी _bचौखम्बा अमरभारती प्रकाशन भारत _c1977 |
||
| 300 |
_a290पृ. _ccm. |
||
| 490 | _aचौखम्बा अमरभारती ग्रंथमाला; 23 | ||
| 650 | _aधर्म | ||
| 942 |
_hQ122:24, 152L7 _cTEXL _2cc |
||
| 999 |
_c1023178 _d1023178 |
||